A women rope : (Record no. 146158)

MARC details
000 -LEADER
fixed length control field 00948nam a22002417a 4500
005 - DATE AND TIME OF LATEST TRANSACTION
control field 20180706155457.0
010 ## - LCCN (DPL NO)
LC control number 1718EN-30 B-688150-153 ENG-123501
020 ## - INTERNATIONAL STANDARD BOOK NUMBER
Terms of availability 125.00
International Standard Book Number 9788126049998
035 ## - SYSTEM CONTROL NUMBER
System control number B-688150-153 EN-107033
037 ## - SOURCE OF ACQUISITION
Source of stock number/acquisition Sahitya Akadmi
Stock number dpl
037 ## - SOURCE OF ACQUISITION
Source of stock number/acquisition DBAD/PUB.
082 ## - DEWEY DECIMAL CLASSIFICATION NUMBER
Item number MIS
Classification number 881.08
100 ## - MAIN ENTRY--PERSONAL NAME
Personal name Mishra, Bhawani Prasad
245 ## - TITLE STATEMENT
Title A women rope :
Statement of responsibility, etc by Bhawani Prasad MIshra :translated by Alka Tyagi
Remainder of title buni huyi rassi /
260 ## - PUBLICATION, DISTRIBUTION, ETC. (IMPRINT)
Place of publication, distribution, etc New Delhi
Name of publisher, distributor, etc Sahitya Academi
Date of publication, distribution, etc 2016
270 ## - ADDRESS
City New Delhi
Address rabindra bhawan, 35, firoz shah marg
Postal code 110001
300 ## - PHYSICAL DESCRIPTION
Extent viii, 129p.
Dimensions 21cm(pbk)
650 ## - SUBJECT ADDED ENTRY--TOPICAL TERM
Topical term or geographic name as entry element Literature
650 ## - SUBJECT ADDED ENTRY--TOPICAL TERM
Topical term or geographic name as entry element Poetry
700 ## - ADDED ENTRY--PERSONAL NAME
Personal name Tyagi, Alka
9 (RLIN) 23015
942 ## - ADDED ENTRY ELEMENTS (KOHA)
Source of classification or shelving scheme Dewey Decimal Classification
Item type English Books
Call number suffix MIS
Classification part 881.08
Holdings
Withdrawn status Lost status Not for loan Collection code Home library Current library Date acquired Source of acquisition Cost, normal purchase price Full call number Barcode Copy number Cost, replacement price Koha item type
      Non-fiction Ashok Vihar Ashok Vihar 03/07/2018 Noth India NIP/287/17-18/28.11.2017/665/20.11.2017/13.01.2018 125.00 881.08 MIS B-688153 1 125.00 English Books
      Non-fiction Central Library Central Library 03/07/2018 Noth India NIP/287/17-18/28.11.2017/665/20.11.2017/13.01.2018 125.00 881.08 MIS B-688150 1 125.00 English Books
      Non-fiction Mobile Library Mobile Library 03/07/2018 Noth India NIP/287/17-18/28.11.2017/665/20.11.2017/13.01.2018 125.00 881.08 MIS B-688151 2 125.00 English Books
      Non-fiction Mobile Library Mobile Library 03/07/2018 Noth India NIP/287/17-18/28.11.2017/665/20.11.2017/13.01.2018 125.00 881.08 MIS B-688152 2 125.00 English Books
    Not For Loan Non-fiction D.B.Act.Division Patel Nagar 06/07/2018 DBAD/PUB 125.00 881.08 MIS EN-107033 1 125.00 English Books

© Delhi Public Library
Hit Counter
free hit counter